Tài nguyên du lịch

Dẫn luận tài nguyên du lịch. Điều tra, đánh giá tài nguyên du lịch. Đánh giá tác động của các hoạt động du lịch đến tài nguyên và môi trường. Quản lí, sử dụng, bảo vệ và tôn tạo tài nguyên môi trường du lịch. Tài nguyên du lịch Việt Nam. Các...

全面介紹

Đã lưu trong:
書目詳細資料
主要作者: Bùi, Thị Hải Yến
格式: 圖書
語言:Undetermined
出版: Hà Nội Giáo dục 2007
主題:
標簽: 添加標簽
沒有標簽, 成為第一個標記此記錄!
Thư viện lưu trữ: Trung tâm Học liệu Trường Đại học Cần Thơ
LEADER 01091nam a2200229Ia 4500
001 CTU_133217
008 210402s9999 xx 000 0 und d
020 |c 44000 
082 |a 915.97 
082 |b Y603 
100 |a Bùi, Thị Hải Yến 
245 0 |a Tài nguyên du lịch 
245 0 |c Bùi Thị Hải Yến (chủ biên), Phạm Hồng Long 
260 |a Hà Nội 
260 |b Giáo dục 
260 |c 2007 
520 |a Dẫn luận tài nguyên du lịch. Điều tra, đánh giá tài nguyên du lịch. Đánh giá tác động của các hoạt động du lịch đến tài nguyên và môi trường. Quản lí, sử dụng, bảo vệ và tôn tạo tài nguyên môi trường du lịch. Tài nguyên du lịch Việt Nam. Các vườn quốc gia Việt Nam 
650 |a Names, geographical,Tên, Địa danh 
650 |x Description and travel,Mô tả du hành 
650 |z Vietnam,Việt Nam 
904 |i Trọng Hải 
980 |a Trung tâm Học liệu Trường Đại học Cần Thơ